| 000 | 00633 a2200169 4500 | ||
|---|---|---|---|
| 020 | _a9810232411 | ||
| 020 | _a9789810232412 | ||
| 082 | _a530.1529434 | ||
| 090 |
_c1089 _d1089 |
||
| 100 | 1 | _aSteeb, Willi-Hans. | |
| 245 | 1 | 0 |
_aMatrix calculus and kronecker product with applications and C++ programs / _cWilli-Hans Steeb, Tan Kiat Shi. |
| 260 |
_a[S.l.] : _bWorld Scientific Pub Co Inc, _c1997. |
||
| 300 |
_a254 p. ; _c22 cm. |
||
| 700 | 1 | _aShi, Tan Kiat. | |
| 942 |
_aSNS _cBK _k530.1529434 STE |
||
| 999 |
_c29706 _d29706 |
||